Bailrigg FM - Statistics

General Stats
  • This quiz has been taken 10 times
  • The average score is 6 of 13
Answer Stats
Hint Answer % Correct
other mascot *** *******
100%
music manager (one of) erin strom
100%
news manager josie hyland
100%
best friend 3 evie lowes
38%
best friend 2 sultans man
38%
enemy 3 all pr people ever
25%
enemy 2 ***** burgers
25%
conspiracy changed profile picture
25%
HR ella barklar + eve waters
25%
money maisie altrincham
25%
best friend of manon david
25%
mascot peebly jones
25%
enemy ravens heart
25%
No matching quizzes found
Score Distribution
Percent of People with Each Score
Percentile by Number Answered
Your Score History
You have not taken this quiz